Métodos de las ciencias sociales (Registro nro. 4170)

Detalles MARC
000 -LEADER
fixed length control field 01061 a2200229 4500
001 - CONTROL NUMBER
control field 46273
005 - DATE AND TIME OF LATEST TRANSACTION
control field 20260407155734.0
008 - FIXED-LENGTH DATA ELEMENTS--GENERAL INFORMATION
fixed length control field 260407a1976 arg spa d
003 - CONTROL NUMBER IDENTIFIER
control field AR-UNSa-BCEJYS
040 ## - CATALOGING SOURCE
Original cataloging agency AR-UNSa-BCEJYS
Language of cataloging spa
Transcribing agency AR-UNSa-BCEJYS
080 ## - UNIVERSAL DECIMAL CLASSIFICATION NUMBER
Universal Decimal Classification number 001.8
Common auxiliary subdivision Metodología. Estudio general del método. Procedimientos científicos y técnicos para el estudio, La investigación y la discusión
020 ## - INTERNATIONAL STANDARD BOOK NUMBER
International Standard Book Number 84-344-17553
100 1# - MAIN ENTRY--PERSONAL NAME
Personal name Sureda, Alonso
245 10 - TITLE STATEMENT
Title Métodos de las ciencias sociales
250 ## - EDITION STATEMENT
Edition statement 9a. ed.
264 #1 - PRODUCTION, PUBLICATION, DISTRIBUTION, MANUFACTURE, AND COPYRIGHT NOTICE
Place of production, publication, distribution, manufacture Barcelona :
Name of producer, publisher, distributor, manufacturer Ariel
Date of production, publication, distribution, manufacture, or copyright notice 1976
300 ## - PHYSICAL DESCRIPTION
Extent 593 p.
Dimensions 20 cm.
505 ## - FORMATTED CONTENTS NOTE
Formatted contents note 1. Introducción : Las ciencias sociales - - Primera Parte : Las técnicas de observación : 1. La observación documental – 2. La observación directa extensiva – 3. La observación directa intensiva - - Segunda Parte : El análisis sistemático : 1. Los elementos del análisis sistemático – 2. Las técnicas matemáticas y gráficas.
590 ## - LOCAL NOTE (RLIN)
Local note niveau_biblio:m niveau_hierar:0
700 1# - ADDED ENTRY--PERSONAL NAME
Personal name Duverger, Maurice
942 ## - ADDED ENTRY ELEMENTS (KOHA)
Koha item type
Existencias
Withdrawn status Lost status Damaged status Not for loan Home library Current library Shelving location Date acquired Total checkouts Full call number Barcode Date last seen Price effective from Koha item type
        Biblioteca Prof. Eusebio Cleto del Rey Biblioteca Prof. Eusebio Cleto del Rey   07/04/2026   001.8 D985 4ed. L13431 07/04/2026 07/04/2026 Libro
        Biblioteca Prof. Eusebio Cleto del Rey Biblioteca Prof. Eusebio Cleto del Rey   07/04/2026   001.8 D985 4ed. L13454 07/04/2026 07/04/2026 Libro
        Biblioteca Prof. Eusebio Cleto del Rey Biblioteca Prof. Eusebio Cleto del Rey   07/04/2026   001.8 D985 4ed. L23513 07/04/2026 07/04/2026 Libro
        Biblioteca Prof. Eusebio Cleto del Rey Biblioteca Prof. Eusebio Cleto del Rey   07/04/2026   001.8 D985 4ed. L45665 07/04/2026 07/04/2026 Libro